000 00258nam a2200109Ia 4500
005 20251222144813.0
008 251222s9999||||xx |||||||||||||| ||spa||
082 _a614/M61
245 0 _aProceso de Planeación:
264 _bMinisterio de Salud
942 _cLIB
999 _c20202
_d20202